000 00825nas a2200241 i 4500
001 2931
003 ES-MaACL
005 20250822100007.0
007 t|
008 060302d18681870fr w| | 0 ||re d
080 _a82-7
245 0 3 _aLe Diable á quatre.
260 _aParis :
_b[s.n.],
_c1868-1870
_f(Dubuisson et C.)
300 _av. ;
_c15 cm.
310 _aSemanal
362 0 _aN. 1 (17 oct. 1868)-n. 70 (feb. 1870)
650 1 7 _aSátira
_2embne
_916997
852 _aES-MaACL
_cDEPOF
_hDonativo Haes
_jT-224-F-1-2
_pN. 2 (24 oct. 1868) y n. 3 (31 oct. 1968)
_xEn lomo: Haes
852 _aES-MaACL
_cDEPOF
_jT-222-F-2
_xEncuadernado con: La Lanterne
866 0 _oN 1 (17 oct. 1868)-n. 2 (24 oct. 1868)-n. 3 (31 oct. 1868) y n. 5 (14 nov. 1868)
942 _2udc
_cPERIODICA
_n0
999 _c2931
_d2931